• 首页
  • 本馆介绍
  • 公告通知
  • 最新文献
  • 馆藏检索
  • 电子资源
  • 读者导购
  • 参考咨询
  • 我的图书馆
  • 登录
  • 详细信息显示
  • 放入我的书架
  • 预约/预借图书
  • 作者相关作品
  • 分类相关作品
  • 丛书相关作品
  • 出版社相关作品

书目信息

  • 表格格式
  • 工作单格式
  • 卡片格式
题名:
旅游景区经营管理
    
 
作者: 周玲强 编著
分册:  
出版信息: 杭州   浙江大学出版社  2006
页数: 303页
开本: 24cm
丛书名:
单 册:
中图分类: F590.3
科图分类:
主题词: 旅游点--经济管理 , 旅游点 , 经济管理
电子资源:
ISBN: 7-308-04629-X
000 00856nam0 2200265 450
001 012007024618
005 20070516180420.09
010    @a7-308-04629-X@dCNY28.00
100    @a20070508d2006 km y0chiy0120 ea
101 0  @achi
102    @aCN@b330000
105    @ay z 000yy
106    @ar
200 1  @a旅游景区经营管理@Alu you jing qu jing ying guan li@f周玲强等编著@Fzhou ling qiang deng bian zhu
210    @a杭州@c浙江大学出版社@d2006
215    @a303页@d24cm
300    @a21世纪旅游管理学精品图书
330    @a本书回顾了旅游景区产生及发展的历史,对旅游景区的性质,特征,作用,类型进行了分析与归类。内容涵盖了旅游景区经营管理的主要方面。
606 0  @a旅游点@x经济管理
606 0  @a旅游点
606 0  @a经济管理
690    @aF590.3@v4
701  0 @a周玲强@Azhou ling qiang@4编著
801  0 @aCN@bRULIN@c20070516
905    @dF590.3@e128@s5
    
    旅游景区经营管理/周玲强等编著.-杭州:浙江大学出版社,2006
    303页;24cm
    21世纪旅游管理学精品图书
    
    ISBN 7-308-04629-X:CNY28.00
    本书回顾了旅游景区产生及发展的历史,对旅游景区的性质,特征,作用,类型进行了分析与归类。内容涵盖了旅游景区经营管理的主要方面。
●
相关链接 在E读中查询图书 在五车中查询图书 在当当中查询图书 在豆瓣中查询图书


正题名:旅游景区经营管理     索取号:F590.3/128         预约/预借

序号 登录号 条形码 馆藏地/架位号 状态 备注
1 0571849   205718491   第一样本阅览室/ [索取号:F590.3/128] 在馆    
2 0571850   205718507   第一借阅区/ [索取号:F590.3/128] 在馆    
3 0571851   205718516   第一借阅区/ [索取号:F590.3/128] 在馆    
4 0571852   205718525   第一借阅区/ [索取号:F590.3/128] 在馆    
5 0571853   205718534   第一借阅区/ [索取号:F590.3/128] 在馆    
唐山师范学院图书馆 欢迎您!
大连网信软件有限公司© 版权所有